| 000 | 01118cam a22002651i 4500 | ||
|---|---|---|---|
| 003 | SA-RiAUC | ||
| 005 | 20260330132941.0 | ||
| 008 | 260315q19001999xx g 000 0 ara c | ||
| 040 |
_aSA-JeALM _bara _cSA-RiAUC _erda |
||
| 082 | 0 | 4 |
_a225.4 _qSA-RiAUC |
| 090 |
_aم ن 225.4 _bم ش ر |
||
| 100 | 1 |
_aالمشرقي، محمد عناية الله خان، _dتوفي بعد 1928 _eمؤلف. |
|
| 245 | 1 | 2 |
_aالبلاغ المبين أو المقالة الافتتاحية البلاغية العربية / _cمحمد عناية الله خان. |
| 246 | 3 | 3 | _aالمقالة الافتتاحية البلاغية العربية |
| 264 | 1 |
_a[مكان النشر غير محدد] : _b[الناشر غير محدد]، _c[بين 1900 و1999] |
|
| 300 |
_a144صفحة؛ _c29 سم. |
||
| 336 |
_aنص _btxt _2rdacontent _3كتاب |
||
| 337 |
_aبدون وسيط _bn _2rdamedia |
||
| 338 |
_aمجلد _bnc _2rdacarrier |
||
| 630 | 2 | 7 |
_aالقرآن _xألفاظ _2aucut |
| 630 | 2 | 7 |
_aالقرآن _xبلاغة _2aucut |
| 730 | 2 | 2 | _aالقرآن |
| 942 |
_2ddc _cRBOOK COPY _n0 |
||
| 949 |
_aSA-JeALM _d260315 _umohamedma123 _n1 |
||
| 999 |
_c14692 _d14692 |
||